Toán rèn luyện khả năng suy luận T.1

Quyển sách dùng cho học sinh năm cuối tiểu học và năm đầu trung học cơ sở. Các bài tập được trình bày trong sách không cần tính toán nhiều nhưng cần sự tập trung suy nghĩ. Ngoài phần bài tập, phần kết quả bao gồm đáp số, hướng dẫn hoạ...

Celý popis

Uloženo v:
Podrobná bibliografie
Hlavní autor: Nguyễn, Nam
Médium: Kniha
Jazyk:Undetermined
Vydáno: Hà Nội Phụ nữ 2009
Témata:
Tagy: Přidat tag
Žádné tagy, Buďte první, kdo otaguje tento záznam!
Thư viện lưu trữ: Trung tâm Học liệu Trường Đại học Cần Thơ
LEADER 01120nam a2200217Ia 4500
001 CTU_140737
008 210402s9999 xx 000 0 und d
020 |c 32000 
082 |a 372.7 
082 |b N104/T.1 
100 |a Nguyễn, Nam 
245 0 |a Toán rèn luyện khả năng suy luận T.1 
245 0 |c Nguyễn Nam biên soạn 
260 |a Hà Nội 
260 |b Phụ nữ 
260 |c 2009 
520 |a Quyển sách dùng cho học sinh năm cuối tiểu học và năm đầu trung học cơ sở. Các bài tập được trình bày trong sách không cần tính toán nhiều nhưng cần sự tập trung suy nghĩ. Ngoài phần bài tập, phần kết quả bao gồm đáp số, hướng dẫn hoặc cách giải,... 
650 |a Mathematics,Games in mathematics education,Mathematics,Toán học 
650 |x Study and teaching (Elementary school),Problems, exercises, etc.,Dạy và học (Trường tiểu học) 
904 |i Năm 
980 |a Trung tâm Học liệu Trường Đại học Cần Thơ